Southville International School and Colleges
Your cart is empty.
  • Cart
  • Lists
    Public lists Eva Luna New books Lux_list list_1
    Your lists Log in to create your own lists
  • Log in to your account
  • Your cookies
  • Search history
Southville International School and Colleges
  • Advanced search
  • Recent comments
  • Most popular
  • Libraries

Log in to your account

Log in with GOOGLE


If you do not have an external account, but do have a local account, you can still log in:

  1. Home
  2. MARC view: Launching the imagination :
Normal view MARC view ISBD view

Launching the imagination : (Record no. 23794)

[ view plain ]
MARC details
000 -LEADER
fixed length control field 00542nam a2200193 a 4500
005 - DATE AND TIME OF LATEST TRANSACTION
control field 20140310183459.0
008 - FIXED-LENGTH DATA ELEMENTS--GENERAL INFORMATION
fixed length control field 091203s19uu xx 00 eng d
020 ## - INTERNATIONAL STANDARD BOOK NUMBER
International Standard Book Number 0072878754
050 ## - LIBRARY OF CONGRESS CALL NUMBER
Classification number NK 1510
Item number .St743 2006
100 ## - MAIN ENTRY--PERSONAL NAME
Personal name Stewart, Mary.
245 ## - TITLE STATEMENT
Title Launching the imagination :
Remainder of title a guide to three-dimensional design./
Statement of responsibility, etc Mary Stewart.
250 ## - EDITION STATEMENT
Edition statement 2nd ed.
260 ## - PUBLICATION, DISTRIBUTION, ETC. (IMPRINT)
Place of publication, distribution, etc Boston :
Name of publisher, distributor, etc McGraw Hill,
Date of publication, distribution, etc 2006.
300 ## - PHYSICAL DESCRIPTION
Extent 315 p. :
Other physical details ill. col. ;
Dimensions 28 cm.
521 ## - TARGET AUDIENCE NOTE
Target audience note
650 ## - SUBJECT ADDED ENTRY--TOPICAL TERM
Topical term or geographic name as entry element Design.
942 ## - ADDED ENTRY ELEMENTS (KOHA)
Koha item type Books
Source of classification or shelving scheme Library of Congress Classification
Call number prefix Foreign
Holdings
Withdrawn status Lost status Source of classification or shelving scheme Damaged status Home library Current library Shelving location Date acquired Source of acquisition Total Checkouts Full call number Barcode Date last seen Copy number Price effective from Koha item type
    Library of Congress Classification   College Library College Library General Circulation Section 12/03/2009 Donation   NK 1510 .St743 2006 C10932 05/15/2018 1 03/10/2014 Books

Launching the imagination :

APA

Stewart M., . (2006). Launching the imagination. Boston: McGraw Hill.

Chicago

Stewart Mary, . 2006. Launching the imagination. Boston: McGraw Hill.

Harvard

Stewart M., . (2006). Launching the imagination. Boston: McGraw Hill.

MLA

Stewart Mary, . Launching the imagination. Boston: McGraw Hill. 2006.

  • Place hold
  • Print
  • Cite
  • Add to your cart (remove)
  • Save record
    BIBTEX Dublin Core MARCXML MARC (non-Unicode/MARC-8) MARC (Unicode/UTF-8) MARC (Unicode/UTF-8, Standard) MODS (XML) RIS
  • More searches
    Search for this title in:
    Other Libraries (WorldCat) Other Databases (Google Scholar) Online Stores (Bookfinder.com) Open Library (openlibrary.org)

Exporting to Dublin Core...

SOUTHVILLE LIBRARY

Southville International School and Colleges Library

1281 Tropical Ave. Cor. Luxembourg St., BF Homes International, Las Pinas City

Tel. No. 8256374 / 252358 Loc. 117/146

Powered by Koha